000 00540nam a2200193Ia 4500
003 GCL
008 140319s9999 xx 000 0 eng d
040 _aGCL /
_cGCL
082 0 4 _aCC
_b709.32
_bD A
100 1 _aD'AVENNES, E. PRISSE
245 1 0 _aATLAS OF EGYPTIAN ART :
_bATLAS DE L'ART EGYPTIEN /
_cD'AVENNES, E. PRISSE
260 _aالقاهرة :
_bzeitouna ،
_c1991
300 _a405 p:
_bILL ؛
_c30 cm.
650 0 4 _aDESIGN
650 0 4 _aANCIENT EGYPT
650 0 4 _aART- EGYPT
650 0 4 _aARCHITECTURE
942 _2ddc
_cBK
999 _c21271
_d21271